| 000 | 00528nam a22001817a 4500 | ||
|---|---|---|---|
| 003 | LK-CoDNM | ||
| 005 | 20240119142536.0 | ||
| 008 | 240119b |||||||| |||| 00| 0 eng d | ||
| 020 | _a9786240019255 | ||
| 040 |
_aLK-CoDNM _dLK-CoDNM _eLK-CoDNM |
||
| 041 | _asin | ||
| 080 |
_aX Dewinuwara _bEDI |
||
| 100 | _aඑදිරිවීර, දයානන්ද | ||
| 245 | _aඓතිහාසික ගිරිහෙලපුර | ||
| 260 |
_aColombo _bS. Godage Saha Sahodarayo _c2023 |
||
| 300 | _a111p.,21cm | ||
| 942 | _cBK | ||
| 999 |
_c144485 _d144485 |
||